000 00289nam a2200109Ia 4500
001 1265096
005 20260417142015.0
008 260417s9999 xx 000 0 und d
020 _a9786051854816
245 0 _aDivan Şiirinde İstanbul
_cAsaf Halet Çelebi
260 _bEverest Yayınları
999 _c1265096
_d1265096